000 00344nam a2200133Ia 4500
005 20260328104309.0
008 260328s9999||||xx |||||||||||||| ||und||
100 _aGalindo, Michelle
245 0 _aContemporary Prefeb Houses fertighauser /
_cMichelle Galindo
260 _bBraun
300 _a510 p.
650 _aCASA DE CAMPO
942 _cBK
999 _c10893
_d10893